Graphical exploratory data analysis

Enregistré dans:
Détails bibliographiques
Auteurs principaux: Du Toit, S. H. C (Auteur), Steyn, A. G. W (Auteur), Stumpf, R. H (Auteur)
Format: Livre
Langue:anglais
Publié: Nueva York Springer-Verlag 1986
Collection:Springer texts in statistics
Sujets:
Tags: Ajouter un tag
Pas de tags, Soyez le premier à ajouter un tag!

MARC

LEADER 00000nam a2200000 a 4500
001 UCW1143
003 CL-VaPUC
008 910927e19860000US |||||||||||||||||eng|d
082 0 4 |a 001.4226  |b DUT  |2 21 
100 0 |a Du Toit, S. H. C  |e author  |9 305048 
700 0 |a Steyn, A. G. W  |e author  |9 305049 
700 0 |a Stumpf, R. H  |e author  |9 305050 
245 1 0 |a Graphical exploratory data analysis 
300 |a 314 p 
942 |c BK 
945 |d 19910927 00:00:00 
260 |a Nueva York  |b Springer-Verlag  |c 1986 
650 0 |a Estadística aplicada  |9 270522 
650 0 |a Estadística   |x Métodos Gráficos  |9 305051 
583 |a last modification  |c 19910927 00:00:00  |k Rodrigo Vera 
490 0 |a Springer texts in statistics 
999 |c 216082  |d 216080 
952 |0 0  |1 0  |4 0  |6 001_422600000000000_DUT_1986  |7 0  |8 A  |9 201538  |a BIBMAT  |b BIBMAT  |d 2019-11-14  |i 2687852  |o 001.4226 DUT 1986  |p 2687852  |r 2025-01-07  |w 2019-11-14  |y BK  |k MAT